|
|
|
|
| LEADER |
00000nmm a22000007a 4500 |
| 001 |
000302 |
| 003 |
UAHC_CL |
| 005 |
20241204064302.0 |
| 008 |
220523s2021 cl o d 000 spa |
| 040 |
|
|
|a UAHC_CL
|c UAHC_CL
|d UAHC_CL
|
| 100 |
|
|
|a Aravena Cáceres, Katherine
|9 15081
|
| 245 |
|
|
|a Humanizar la institución
|c Katherine Aravena Cáceres; profesora guía Hilda Carrera Gamonal.
|
| 260 |
|
|
|a Santiago, Chile:
|b Universidad Academia de Humanismo Cristiano,
|c 2021.
|
| 300 |
|
|
|a 84 páginas.
|
| 500 |
|
|
|a Trabajo de título para optar al Grado de Licenciado/a en Gobierno y Gestión Pública y al Título de Administrador/a Público/a.
|
| 502 |
|
|
|a Tesis (Administración Pública) -- Universidad Academia de Humanismo Cristiano, 2021.
|
| 516 |
|
|
|a Tesis electrónica (PDF). Solicitar envío de documento a biblioteca@academia.cl.
|
| 520 |
|
|
|a Con la serie de acontecimientos que se han desarrollado a partir de octubre de 2019, se ha configurado un fuerte cuestionamiento hacia la capacidad de respuesta que el Estado chileno ha desarrollado ante las demandas ciudadanas, situación que interpela directamente la cara visible de este, es decir, las organizaciones que conforman su administración y su capacidad de gestión. Con esto, se ha develado una necesidad de transformación en su manera de hacer las cosas. Junto con analizar algunas prácticas cotidianas como obstáculos o potenciadores de las posibilidades de innovación en el sector público desde la visión de personas que lo conforman, Humanizar la institución propone una reflexión desde la Biología Cultural que busca destacar la creatividad, como elemento esencial para alcanzar aquella transformación mencionada y la idea de que la clave para lograrlo se encuentra en los espacios que se ofrezcan para su despliegue.
|
| 650 |
|
0 |
|9 548
|a Administración pública
|
| 650 |
|
0 |
|a Aptitud creadora
|9 5824
|
| 653 |
|
|
|a Innovación en Gestión Pública
|
| 700 |
|
|
|a Carrera Gamonal, Hilda
|e profesora guía
|9 6017
|
| 856 |
|
|
|u http://bibliotecadigital.academia.cl/xmlui/handle/123456789/6091
|y Disponible en línea (PDF). Biblioteca Digital UAHC
|
| 900 |
|
|
|a TPADPU 32
|
| 942 |
|
|
|c TS
|
| 952 |
|
|
|0 0
|1 0
|4 0
|6 TPADPU_32_000000000000000
|7 0
|8 COMP
|9 95288
|a BC
|b BC
|c Digital
|d 2022-05-23
|o TPADPU 32
|r 2022-05-23 00:00:00
|w 2022-05-23
|y TS
|z Documento en PDF
|B ADM
|
| 999 |
|
|
|c 59350
|d 59350
|